Państwa przez Dwie Pierwsze Litery w 90 Sekund - Statystyki

Ogólne statystyki
  • Ten quiz został rozwiązany 3 610 razy
  • Średni wynik to 107 z 196
Odpowiedzi na mapie
Odpowiedzi zakodowano w zielono-czerwonej skali na mapie do tego quizu, zgodnie z poniższymi procentami.
 
Statystyki odpowiedzi
kraj % Poprawnych
Polska
97%
Południowa Afryka
97%
Portugalia
97%
Kambodza
94%
Kamerun
94%
Kanada
94%
Katar
94%
Kazachstan
94%
Wielka Brytania
94%
Chile
93%
Chiny
93%
Chorwacja
93%
Holandia
92%
Rosja
90%
Stany Zjednoczone
90%
Côte d'Ivoire
89%
Niemcy
88%
Niger
88%
Nigeria
88%
Nikaragua
88%
Brazylia
86%
Brunei
86%
Arabia Saudyjska
85%
Argentyna
85%
Armenia
85%
Kongo
85%
Demokratyczna Republika Konga
84%
Francja
83%
Meksyk
81%
Kolumbia
80%
Komory
80%
Korea Pólnocna
80%
Korea Poludniowa
80%
Kosowo
80%
Kostaryka
80%
Norwegia
80%
Nowa Zelandia
80%
Wyspy Marshalla
80%
Hiszpania
79%
Australia
78%
Austria
78%
Liban
77%
Liberia
77%
Libia
77%
Liechtenstein
77%
Litwa
77%
Szwajcaria
77%
Szwecja
77%
Macedonia Północna
76%
Madagaskar
76%
Malawi
76%
Malediwy
76%
Malezja
76%
Mali
76%
Malta
76%
Maroko
76%
Mauretania
76%
Mauritius
76%
Fidzi
75%
Filipiny
75%
Finlandia
75%
Irak
75%
Iran
75%
Irlandia
75%
Pakistan
72%
Palau
72%
Panama
72%
Papua-Nowa Gwinea
72%
Paragwaj
72%
Indie
71%
Indonezja
71%
Moldawia
71%
Monako
71%
Mongolia
71%
Mozambik
71%
Dania
69%
Czad
66%
Czarnogóra
66%
Czechy
66%
Mjanma
66%
Albania
64%
Algieria
64%
Bialorus
63%
Tunezja
63%
Turcja
63%
Turkmenistan
63%
Tuvalu
63%
Wegry
61%
Wenezuela
61%
Boliwia
60%
Bosnia i Hercegowina
60%
Botswana
60%
Jamajka
59%
Japonia
59%
Peru
58%
Belgia
56%
Belize
56%
Benin
56%
Egipt
56%
Wlochy
56%
Islandia
55%
Łotwa
54%
Estonia
51%
Eswatini
51%
Sudan
51%
Sudan Poludniowy
51%
Surinam
51%
Wietnam
50%
Wyspy Salomona
49%
Andora
47%
Angola
47%
Antigua i Barbuda
47%
Tadzykistan
46%
Tajlandia
46%
Tajwan
46%
Tanzania
46%
Ukraina
45%
Urugwaj
45%
Honduras
44%
Rumunia
44%
Cabo Verde
42%
Grecja
42%
Grenada
42%
Gruzja
42%
Kuba
41%
Kuwejt
41%
Saint Kitts i Nevis
39%
Saint Lucia
39%
Saint Vincent i Grenadyny
39%
Salwador
39%
Samoa
39%
San Marino
39%
Bulgaria
38%
Burkina Faso
38%
Burundi
38%
Ekwador
38%
Republika Srodkowoafrykanska
38%
Slowacja
38%
Slowenia
38%
Bahamy
37%
Bahrajn
37%
Bangladesz
37%
Barbados
37%
Senegal
37%
Serbia
37%
Seszele
37%
Oman
36%
Gwatemala
34%
Gwinea
34%
Gwinea Bissau
34%
Gwinea Równikowa
34%
Jemen
34%
Somalia
32%
Dominika
31%
Dominikana
31%
Gujana
31%
Namibia
31%
Nauru
31%
Wyspy Swietego Tomasza i Ksiazeca
31%
Etiopia
30%
Kirgistan
30%
Kiribati
30%
Afganistan
28%
Haiti
26%
Laos
24%
Kenia
23%
Nepal
22%
Uzbekistan
22%
Watykan
22%
Zambia
20%
Luksemburg
19%
Erytrea
18%
Izrael
18%
Syria
18%
Azerbejdzan
17%
Lesotho
17%
Mikronezja
17%
Zjednoczone Emiraty Arabskie
17%
Gabon
16%
Gambia
16%
Zimbabwe
16%
Jordania
15%
Sri Lanka
15%
Togo
15%
Tonga
15%
Bhutan
14%
Ghana
14%
Sierra Leone
13%
Singapur
13%
Cypr
12%
Rwanda
10%
Uganda
10%
Dzibuti
9%
Trynidad i Tobago
9%
Vanuatu
9%
Timor-Leste
7%
Nie znaleziono quizów pasujących do podanych kryteriów
Rozkład punktacji
Procent ludzi z każdym wynikiem
Percentyl według liczby udzielonych odpowiedzi
Twoja historia wyników
Nie rozwiązałeś tego quizu